000 01313nam2a22002771 4500
001 RU\NLR\Per\503010
005 20250617142424.0
035 _a(NLR Aleph) 002688148
090 _a4200938
_c4200938
100 _a20070605d1999 |||y0rusy50 ca
101 0 _arus
102 _aRU
105 _ay |||||||||
200 1 _aНа последнем берегу
_fУрсула Ле Гуин
210 _d1999
_aБ. м.
225 0 _aШкольная роман-газета
_v1999, 8 (44)
_iБольшая перемена
_v1999, 8
461 0 _1001RU\NLR\INFOCOMM31\1000112496
_12001#$aПутеводная звезда$eШк. чтение$eГуманит. образоват. журн.$v1999, 8 (44)
_94287622
_cМ.
_d1996 -
_nБ. и.
_oШк. чтение : Гуманит. образоват. журн.
_tПутеводная звезда
_v1999, 8 (44)
462 0 _1001RU\NLR\Per\495052
_12001#$aБольшая перемена$eЖурн. в журн.$v1999, 8
_94116848
_cМ.
_d1996 -
_oЖурн. в журн.
_tПутеводная звезда. - Большая перемена
_v1999, 8
700 1 _aЛе Гуин
_bУ.
_gУрсула
_4070
801 0 _aRU
_bNLR
_c20070605
_gpsbo
801 1 _aRU
_bNLR
_c20070605
_2rusmarc
852 _aNLR
_jП29/750
942 _cISSUE
980 _aNB
980 _aRUSPER